[Event "GER-chT U10"]
[Site "Magdeburg"]
[Date "2015.12.28"]
[Round "4.3"]
[White "Reine, Samuel"]
[Black "Zhong, Ye Li"]
[Result "0-1"]
[WhiteElo "870"]
[BlackElo "1070"]
[PlyCount "74"]
[EventDate "2015.12.27"]
[EventType "team-swiss"]
[EventRounds "7"]
[EventCountry "GER"]
[SourceTitle "EXT 2017"]
[Source "ChessBase"]
[SourceDate "2016.10.25"]
[SourceVersion "1"]
[SourceVersionDate "2016.10.25"]
[SourceQuality "1"]
[WhiteTeam "Hamburger SK II"]
[BlackTeam "Dresden Striesen"]
[WhiteTeamCountry "GER"]
[BlackTeamCountry "GER"]

1. e4 e5 2. Nf3 Nc6 3. Bc4 h6 4. 0-0 Nf6 5. d3 a6 6. Nc3 Bb4 7. a3 Bxc3 8. bxc3 0-0 9. h3 d5 10. exd5 Nxd5 11. Nxe5 Nxe5 12. Bb3 Nc6 13. c4 Nf6 14. Bb2 Be6 15. Qf3 Nd4 16. Bxd4 Qxd4 17. Qxb7 Qd6 18. Qf3 c5 19. Ba4 Qb8 20. Bc6 Ra7 21. Rab1 Qc8 22. Bb7 Qc7 23. Rfe1 Qd6 24. Qc6 Qxc6 25. Bxc6 Nd7 26. c3 Bf5 27. Rbd1 Rc7 28. Bxd7 Rxd7 29. d4 cxd4 30. cxd4 Be6 31. d5 Bf5 32. Re5 Bc2 33. Rd2 Bb3 34. c5 Ba4 35. c6 Bxc6 36. d6 Rfd8 37. Rde2 Rxd6 0-1